000 00305nam a22001337a 4500
008 171010b xxu||||| |||| 00| 0 eng d
020 _a9780534587611
041 _aeng
080 _a316
100 _a50
101 _aSOC
245 _aDOING SOCIOLOGY: A GLOBAL PERSPECTIVE
_cSTARK, R
942 _2udc
_cBK
999 _c32854
_d32854